Effectif Arsenal 25/26 par image - Statistiques

Statistiques générales
  • Ce quiz a été pris 38 fois
    17 depuis la dernière actualisation
  • Le résultat moyen est 21 sur 24
Statistiques - réponses
Par images Réponse % Correct
Bukayo Saka
100%
David Raya
100%
Declan Rice
100%
Eberechi Eze
100%
Martin Ødegaard
100%
Noni Madueke
100%
Viktor Gyökeres
100%
William Saliba
100%
Gabriel
92%
Gabriel Martinelli
92%
Jurriën Timber
92%
Kai Havertz
92%
Leandro Trossard
92%
Myles Lewis-Skelly
92%
Riccardo Calafiori
92%
Gabriel Jesus
85%
Mikel Merino
85%
Ben White
77%
Kepa Arrizabalaga
77%
Martin Zubimendi
77%
Max Dowman
77%
Piero Hincapié
77%
Cristhian Mosquera
69%
Christian Nørgaard
62%
Aucun quiz correspondant
Distribution des résultats
% des personnes avec chaque résultat
Percentile par nombre de réponses
Votre historique - résultats
Vous n’avez pas pris ce quiz depuis la dernière actualisation